000 00472nam a2200181Ia 4500
003 GCL
008 140319s9999 xx 000 0 ara d
040 _aGCL /
_cGCL
082 0 4 _a869.03
_bا ب
100 1 _aمحمد عنانى
245 1 0 _aناهبا /
_cمحمد عنانى
700 1 _aامادو، جورج
300 _a387 ص
490 _aكتاب
_v0
650 0 4 _aالادب البرتغالى
650 0 4 _aالقصص الروائية
942 _2ddc
_cBK
999 _c41526
_d41526